LIBRARY & INFORMATION CENTRE, KCAET, TAVANUR

ONLINE PUBLIC ACCESS CATALOGUE (OPAC)

Advances in Soil Science Interacting Processes in Soil Science (Record no. 14358)

MARC details
000 -LEADER
fixed length control field 00373nam a22001457a 4500
020 ## - INTERNATIONAL STANDARD BOOK NUMBER
ISBN 9780873718899
082 ## - DEWEY DECIMAL CLASSIFICATION NUMBER
Classification number 631.4
Item number WAG/IN
245 ## - TITLE STATEMENT
Title Advances in Soil Science Interacting Processes in Soil Science
260 ## - PUBLICATION, DISTRIBUTION, ETC. (IMPRINT)
Place of publication Boca Raton
Name of publisher CRC Press
Year of publication 1992
300 ## - PHYSICAL DESCRIPTION
Number of Pages 296
700 ## - ADDED ENTRY--PERSONAL NAME
Personal name Wagenet,R.J
700 ## - ADDED ENTRY--PERSONAL NAME
Personal name Baveye,P
700 ## - ADDED ENTRY--PERSONAL NAME
Personal name Stewart,B.A
942 ## - ADDED ENTRY ELEMENTS (KOHA)
Koha item type Books
Holdings
Withdrawn status Lost status Damaged status Collection code Home library Current library Shelving location Date acquired Source of acquisition Cost, normal purchase price Full call number Accession Number Koha item type
        KAUAET KAUAET General Stacks 22/06/2016 Dream Tech, Trivandrum 10036.80 631.4 WAG/IN 24430 Books
free website counter